Filipino : (Record no. 8412)

MARC details
000 -LEADER
fixed length control field 00669nam a22002057a 4500
003 - CONTROL NUMBER IDENTIFIER
control field OSt
005 - DATE AND TIME OF LATEST TRANSACTION
control field 20260218014119.0
008 - FIXED-LENGTH DATA ELEMENTS--GENERAL INFORMATION
fixed length control field 260216b |||||||| |||| 00| 0 eng d
020 ## - INTERNATIONAL STANDARD BOOK NUMBER
International Standard Book Number 978-621-412-047-5
040 ## - CATALOGING SOURCE
Original cataloging agency DWCL - Main lib.
Transcribing agency OC
082 ## - DEWEY DECIMAL CLASSIFICATION NUMBER
Classification number Fil. 899.211 J27f 2018
100 ## - MAIN ENTRY--PERSONAL NAME
Personal name Jamero,Dolores F.
245 ## - TITLE STATEMENT
Title Filipino :
Remainder of title Panitikan At Wika 10 /
Statement of responsibility, etc. Dolores F. Jamero
260 ## - PUBLICATION, DISTRIBUTION, ETC.
Place of publication, distribution, etc. Manila ,Philippine :
Name of publisher, distributor, etc. St. Bernadette Publishing ,
Date of publication, distribution, etc. c2018.
300 ## - PHYSICAL DESCRIPTION
Extent II ,364 Pages :
Other physical details Illustration ;
Dimensions 25cm.
504 ## - BIBLIOGRAPHY, ETC. NOTE
Bibliography, etc. note 2.Includes index.<br/>
650 ## - SUBJECT ADDED ENTRY--TOPICAL TERM
Topical term or geographic name entry element 1.Filipino-Grammar and literature.
700 ## - ADDED ENTRY--PERSONAL NAME
Personal name I.Guevarra, Cecelia M.
Relator term Author
942 ## - ADDED ENTRY ELEMENTS (KOHA)
Source of classification or shelving scheme Dewey Decimal Classification
Koha item type Book-Filipiniana
Call number suffix Fil.
Suppress in OPAC No
952 ## - LOCATION AND ITEM INFORMATION (KOHA)
--
Holdings
Withdrawn status Lost status Source of classification or shelving scheme Damaged status Not for loan Home library Current library Shelving location Total Checkouts Full call number Barcode Date last seen Copy number Price effective from Koha item type Uniform Resource Identifier
    Dewey Decimal Classification     Junior High School Library Junior High School Library Filipiniana   Fil. 899.211 J27f 2018 JHS - 20905 02/16/2026 c1 02/16/2026 BK - FIL